000
00279nam a2200133Ia 4500
100
_a
Beta Group
942
_c
BK
654
_a
Economics
245
_a
Economics : Study Material
260
_b
Mc Graw Hill
_a
New York
_c
1987
300
_a
950
546
_a
ENGLISH
999
_c
23168
_d
23168